000
00301 a2200145 4500
001
165050
020
_a
040
_c
Magnum
100
_a
Marcellino, Nelson Carvalho Et Al.
240
1
0
_a
Lazer e educacao
_l
por
245
1
0
_a
Lazer e educacao
362
0
_a
1899
697
_a
GERAL
942
_c
BK
999
_c
165050
_d
165050